The School For Good And Evil - Statistics

General Stats
  • This quiz has been taken 53 times
    21 since last reset
  • The average score is 9 of 15
Answer Stats
Hint Answer % Correct
The student with thehot pink finger glow Sophie
90%
Lived in a graveyard Agatha
86%
The evil side of the two headed dog Castor
81%
Student that is a man-wolf Hort
81%
The evil school master Rafal
81%
The good side of the two headed dog Pollux
76%
The deceased evil dean Lady Lesso
71%
The deceased good dean Proffesor dovey
71%
The deceased good school master Rhian
57%
Protectors of the good castle Fairies
52%
The evil deans first name Leonora
52%
Was the heir to the throne of Camelot before he died Chaddick
38%
A large bird of only bones Stymph
33%
Protectors of the evil castle Wolves
33%
Crocodiles that eat girls Crogs
29%
No matching quizzes found
Score Distribution
Percent of People with Each Score
Percentile by Number Answered
Your Score History
You have not taken this quiz since the last reset